| 000 | 00359 a2200109 4500 | ||
|---|---|---|---|
| 001 | ART_60817 | ||
| 005 | 20260410162056.0 | ||
| 008 | 260409a | ||
| 245 | 1 | 0 | _aCorrupción y delitos económicos en el fútbol |
| 100 | 1 | _aCatalano, Mariana | |
| 773 | 0 |
_tTemas de derecho penal y procesal penal _g- Año 6, N° 4/5 (abr./mayo 2024) _wREV60798 |
|
| 999 |
_c36259 _d36259 |
||